<?xml version="1.0" encoding="UTF-8"?>
<record
    xmlns:xsi="http://www.w3.org/2001/XMLSchema-instance"
    xsi:schemaLocation="http://www.loc.gov/MARC21/slim http://www.loc.gov/standards/marcxml/schema/MARC21slim.xsd"
    xmlns="http://www.loc.gov/MARC21/slim">

  <leader>00870nam a22001935i 4500</leader>
  <controlfield tag="001">169501</controlfield>
  <controlfield tag="003">ES-MaACL</controlfield>
  <controlfield tag="005">20250724063437.0</controlfield>
  <controlfield tag="008">081001s1683    fr           |||| | lat d</controlfield>
  <datafield tag="100" ind1="1" ind2=" ">
    <subfield code="a">Vinnius, Arnoldus,</subfield>
    <subfield code="d">1588-1657</subfield>
    <subfield code="9">115335</subfield>
  </datafield>
  <datafield tag="245" ind1="1" ind2="0">
    <subfield code="a">Arnoldi Vinnij J.C. praestantissimi In quatuor libros institutionum imperialium commentarius academicus &amp; forensis : Tomus primus [-secundus].</subfield>
  </datafield>
  <datafield tag="250" ind1=" " ind2=" ">
    <subfield code="a">Editio novissima et emendatissima / authoris notis antea seorsim impressis aucta et adornata duobus distincta tomis.</subfield>
  </datafield>
  <datafield tag="260" ind1=" " ind2=" ">
    <subfield code="a">Lugduni : </subfield>
    <subfield code="b">sumpt. Anissoniorum, Joan. Possuel &amp; Claudij Rigaud,</subfield>
    <subfield code="c">1683.</subfield>
  </datafield>
  <datafield tag="300" ind1=" " ind2=" ">
    <subfield code="a">2 v. ; </subfield>
    <subfield code="c">21 cm.</subfield>
  </datafield>
  <datafield tag="597" ind1=" " ind2=" ">
    <subfield code="a">Texto a dos columnas.</subfield>
  </datafield>
  <datafield tag="630" ind1="0" ind2="7">
    <subfield code="a">Corpus juris civilis.</subfield>
    <subfield code="p">Institutiones</subfield>
    <subfield code="2"></subfield>
    <subfield code="9">135271</subfield>
  </datafield>
  <datafield tag="852" ind1=" " ind2=" ">
    <subfield code="a">ES-MaACL</subfield>
    <subfield code="j">Armario 18  </subfield>
    <subfield code="q">.- Tomo I, sin portada  </subfield>
    <subfield code="x">Olim: G-12727-28</subfield>
  </datafield>
  <datafield tag="999" ind1=" " ind2=" ">
    <subfield code="c">169501</subfield>
    <subfield code="d">169501</subfield>
  </datafield>
  <datafield tag="952" ind1=" " ind2=" ">
    <subfield code="0">0</subfield>
    <subfield code="1">0</subfield>
    <subfield code="4">0</subfield>
    <subfield code="7">0</subfield>
    <subfield code="8">LIBXVII</subfield>
    <subfield code="a">ATENEOM</subfield>
    <subfield code="b">ATENEOM</subfield>
    <subfield code="c">DEPO</subfield>
    <subfield code="d">2008-10-01</subfield>
    <subfield code="e">SC</subfield>
    <subfield code="l">0</subfield>
    <subfield code="o">Armario 18</subfield>
    <subfield code="p">1177948</subfield>
    <subfield code="r">2023-02-23 00:00:00</subfield>
    <subfield code="w">2023-02-23</subfield>
    <subfield code="y">MONANT</subfield>
  </datafield>
</record>
